000 00304nam a2200145Ia 4500
100 _aKaduskar/R.G
942 _cBK
366 _f20
245 _aElectronic Product finder
260 _bWiley India
_c2012
082 _a621.38132
_bKAD
300 _a500
546 _aENGLISH
_cPAMPHALETS
999 _c35642
_d35642